Hong Kong : the Asia and the Pacific intra-regional outbound series

Saved in:
Bibliographic Details
Corporate Author: World Tourism Organization
Format: Book
Language:English
Published: Madrid : World Tourism Organization, c2006
Subjects:
Tags: Add Tag
No Tags, Be the first to tag this record!

MARC

LEADER 00000cam a2200000 i 4500
001 1/39379
008 061215s2006 eng d
020 |a 92-844-1127-0 
020 |a 978-844-1127-6 
035 |l 10086576 
040 |a GR-MY-UA  |b gre  |e aacr 
041 0 |a eng 
082 0 |a 338.47915125  |2 (22) 
110 2 |a World Tourism Organization. 
245 1 0 |a Hong Kong :  |b the Asia and the Pacific intra-regional outbound series /  |c World Tourism Organization ; supported by the Ministry of Culture and Tourism of the Republic of Korea and the Korea Culture and Tourism Policy Institute 
260 |a Madrid :   |b World Tourism Organization,   |c c2006 
300 |a ix, 68 σ.;  |b εικ., πιν.;  |c 29 εκ. 
504 |a Περιλαμβάνει βιβλιογραφία 
650 0 0 |a Tourism  |z Hong Kong. 
650 0 0 |a Communication and traffic  |z Hong Kong. 
852 |a INST  |b CHIOS  |e 20061215  |h 338.47915125 WOR  |p 005200023381  |q 005200023381  |t BK  |y 0 
901 |a BIBL2-2006-3 
909 |a Χ  |b 130806 
970 |a ΣΠΕΝΤΖΑ  |b ΕΛΕΝΗ  |z 2006/12/15